000 00393nam a2200145 a 4500
001 000028220
005 20200930031442.0
008 110407s1977 dr 000 p spa d
040 _aDO-SdBNP
_bspa
_cBNPHU
100 1 _aConde Pausas, Alfredo
_924702
245 1 0 _aMachepa. /
_cAlfredo Conde Pausas.
260 _aSanto Domingo, :
_bTaller,
_c1977.
300 _a61 p. ;
_c13 cm.
049 _aBNPD
999 _c27712
_d27712